Prevádzka mestskej ČOV s odstraňovaním nutrientov

Enregistré dans:
Détails bibliographiques
Auteur principal: Likavec, Stellan Matej (Auteur)
Autres auteurs: Drtil, Miloslav (Directeur de thèse)
Format: Manuscrit Livre
Langue:slovaque
Publié: 2023
Sujets:
Accès en ligne:http://is.stuba.sk/zp/portal_zp.pl?podrobnosti=169493
Tags: Ajouter un tag
Pas de tags, Soyez le premier à ajouter un tag!

MARC

LEADER 00000ntm a22000003a 4500
001 stuzp94601
003 SK-STU
005 20230909222625.0
007 ta
008 150427s2015----xo-----f-mn---000-0-slo-d
040 |a STU  |b slo 
041 0 |a slo 
100 1 |a Likavec, Stellan Matej  |u 046290  |4 aut  |U FCHPT Ústav chemického a environmentálneho inžinierstva  |T FCHPT Oddelenie environmentálneho inžinierstva  |X 91938  |U C6290  |Y 120  |7 91938 
242 0 1 |a Operation of municipal wastewater treatment with nutrient removal  |y eng 
245 1 0 |a Prevádzka mestskej ČOV s odstraňovaním nutrientov 
260 |c 2023 
650 4 |a čistiareň odpadových vôd  |2 slo 
650 4 |a zvýšené biologické odstraňovanie fosforu a dusíka  |2 slo 
650 4 |a aktivácia  |2 slo 
650 4 |a activated sludge system  |2 eng 
650 4 |a waste water treatment plant  |2 eng 
650 4 |a enhanced biological removal of nitrogen and phosphorus  |2 eng 
700 1 |a Drtil, Miloslav  |u 046000  |k Z1  |4 ths  |U FCHPT Fakulta chemickej a potravinárskej technológie  |T FCHPT Ústav chemického a environmentálneho inžinierstva  |X 3377  |U C6000  |Y 104  |7 A000003377 
856 4 |u http://is.stuba.sk/zp/portal_zp.pl?podrobnosti=169493